• 首页
  • 本馆介绍
  • 公告通知
  • 最新文献
  • 馆藏检索
  • 电子资源
  • 读者导购
  • 参考咨询
  • 我的图书馆
  • 登录
  • 详细信息显示
  • 放入我的书架
  • 预约/预借图书
  • 作者相关作品
  • 分类相关作品
  • 丛书相关作品
  • 出版社相关作品

书目信息

  • 表格格式
  • 工作单格式
  • 卡片格式
题名:
网络分析的状态变量法
    
 
作者: 江泽佳 编
分册:  
出版信息: 北京   人民教育出版社  1979
页数: 171页
开本: 19cm
丛书名:
单 册:
中图分类: TN711.1
科图分类:
主题词: 网络分析-状态-空间方法--高等学校--教学参考资料 , 状态-空间方法-网络分析--高等学校--教学参考资料
电子资源:
ISBN:
000 00725nam0 2200241 45
001 0179006078
005 20060814092943.00
010    @dCNY0.47
091    @a15012.0145
100    @a19950728d1979 em y0chiy0121 ea
101 0  @achi
102    @aCN@b110000
105    @ay z 000yy
200 10 @a网络分析的状态变量法@Awang luo fen xi de zhuang tai bian liang fa@f江泽佳编
210    @a北京@c人民教育出版社@d1979
215    @a171页@d19cm
300    @a高等学校教学参考书
606    @a网络分析-状态-空间方法@x高等学校@x教学参考资料
606    @a状态-空间方法-网络分析@x高等学校@x教学参考资料
690    @aTN711.1@v3 
701  0 @a江泽佳@Ajiang ze jia@4编
801  0 @aCN@bTSSF@c20060814
905    @a10447@dTN711.1@e204
    
    网络分析的状态变量法/江泽佳编.-北京:人民教育出版社,1979
    171页;19cm
    高等学校教学参考书
    
    ISBN :CNY0.47
    
●
相关链接 在E读中查询图书 在五车中查询图书 在当当中查询图书 在豆瓣中查询图书


正题名:网络分析的状态变量法     索取号:TN711.1/204         预约/预借

序号 登录号 条形码 馆藏地/架位号 状态 备注
1 0438372   204383728   密集书库/ [索取号:TN711.1/204] 在馆    
2 0458043   204580435   密集书库/ [索取号:TN711.1/204] 在馆    
3 0458114   204581149   密集书库/ [索取号:TN711.1/204] 在馆    
唐山师范学院图书馆 欢迎您!
大连网信软件有限公司© 版权所有